|
|
|
|
| LEADER |
02185nam a22003614i 4500 |
| 001 |
32252 |
| 003 |
BD-DhAAL |
| 005 |
20180215095428.0 |
| 008 |
171026s2015 nyua b 001 0 eng |
| 999 |
|
|
|c 38443
|d 38443
|
| 010 |
|
|
|a 2014011594
|
| 020 |
|
|
|a 125909491X
|
| 020 |
|
|
|a 9781259094910
|
| 040 |
|
|
|a DLC
|b eng
|c DLC
|e rda
|d DLC
|d BD-DhAAL
|
| 050 |
0 |
0 |
|a GN316
|b .K638 2015
|
| 082 |
0 |
0 |
|a 306
|2 23
|
| 100 |
1 |
|
|a Kottak, Conrad Phillip.
|9 22642
|
| 245 |
1 |
0 |
|a Cultural anthropology :
|b appreciating human diversity /
|c Conrad Phillip Kottak
|
| 250 |
|
|
|a Sixteenth edition.
|
| 260 |
|
|
|a New York :
|b McGraw-Hill Education,
|c c2015.
|
| 300 |
|
|
|a xxx, 545 pages :
|b color illustrations ;
|c 28 cm.
|
| 504 |
|
|
|a Includes bibliographical references (pages 489-510) and index.
|
| 526 |
|
|
|a ESS
|
| 541 |
|
|
|a STS International
|e 32252, 32253, 32254, 32255 & 32256
|
| 650 |
|
0 |
|a Ethnology.
|9 22643
|
| 650 |
|
0 |
|a Anthropology.
|9 22644
|
| 942 |
|
|
|2 ddc
|c BK
|
| 952 |
|
|
|0 0
|1 0
|2 ddc
|4 0
|6 306_000000000000000_KOT
|7 0
|9 61605
|a BRACUL
|b BRACUL
|c GEN
|d 2017-10-26
|e STS International
|g 5500.00
|l 18
|m 198
|o 306 KOT
|p 3010032252
|r 2026-05-17
|s 2026-05-06
|t 1
|v 5500.00
|w 2017-10-19
|y BK
|
| 952 |
|
|
|0 0
|1 0
|2 ddc
|4 0
|6 306_000000000000000_KOT
|7 0
|9 61606
|a BRACUL
|b BRACUL
|c GEN
|d 2017-10-26
|e STS International
|g 5500.00
|l 25
|m 136
|o 306 KOT
|p 3010032256
|q 2026-06-02
|r 2026-05-10
|s 2026-05-10
|t 5
|v 5500.00
|w 2017-10-19
|y BK
|
| 952 |
|
|
|0 0
|1 0
|2 ddc
|4 0
|6 306_000000000000000_KOT
|7 0
|9 61607
|a BRACUL
|b SCL
|c GEN
|d 2017-10-26
|e STS International
|g 5500.00
|l 20
|m 185
|o 306 KOT
|p 3010032253
|r 2026-01-14
|s 2025-05-18
|t 2
|v 5500.00
|w 2017-10-19
|y BK
|
| 952 |
|
|
|0 0
|1 0
|2 ddc
|4 0
|6 306_000000000000000_KOT
|7 0
|9 61608
|a BRACUL
|b BRACUL
|c GEN
|d 2017-10-26
|e STS International
|g 5500.00
|l 25
|m 193
|o 306 KOT
|p 3010032255
|r 2026-05-17
|s 2026-05-07
|t 4
|v 5500.00
|w 2017-10-19
|y BK
|
| 952 |
|
|
|0 0
|1 0
|2 ddc
|4 0
|6 306_000000000000000_KOT
|7 0
|9 61609
|a BRACUL
|b BRACUL
|c GEN
|d 2017-10-26
|e STS International
|g 5500.00
|l 22
|m 182
|o 306 KOT
|p 3010032254
|r 2026-04-29
|s 2026-04-19
|t 3
|v 5500.00
|w 2017-10-19
|y BK
|
| 952 |
|
|
|0 0
|1 0
|2 ddc
|4 0
|6 306_000000000000000_KOT
|7 0
|9 62732
|a BRACUL
|b BRACUL
|c GEN
|d 2018-02-13
|e STS International
|g 5500.00
|l 29
|m 203
|o 306 KOT
|p 3010032759
|r 2026-04-20
|s 2026-04-20
|t 6
|v 5500.00
|w 2018-02-13
|y BK
|